Zborník Vysokej školy ekonomickej v Bratislave k niektorým otázkam československej ekonomickej sústavy
Gespeichert in:
| Körperschaft: | |
|---|---|
| Weitere Verfasser: | |
| Format: | Buch |
| Sprache: | Slowakisch |
| Veröffentlicht: |
Bratislava
Slovenské pedagogické nakladateľstvo
1972
|
| Schlagworte: | |
| Tags: |
Keine Tags, Fügen Sie das erste Tag hinzu!
|
MARC
| LEADER | 00000nam a2200000 4500 | ||
|---|---|---|---|
| 001 | 0283252 | ||
| 005 | 20240416113607.3 | ||
| 041 | 0 | |a slo | |
| 044 | |a SK | ||
| 245 | 1 | 0 | |a Zborník Vysokej školy ekonomickej v Bratislave k niektorým otázkam československej ekonomickej sústavy |c zodpovedný redaktor Gustáv Thomas |
| 264 | 1 | |a Bratislava |b Slovenské pedagogické nakladateľstvo |c 1972 | |
| 300 | |a 130 s. | ||
| 610 | 2 | 0 | |a riadenie hospodárske |
| 610 | 2 | 0 | |a politika hospodárska |
| 610 | 2 | 0 | |a plánovanie hospodárske |
| 610 | 2 | 0 | |a myslenie ekonomické |
| 610 | 2 | 0 | |a socializmus |
| 610 | 2 | 0 | |a financie |
| 610 | 2 | 0 | |a politika mzdová |
| 610 | 2 | 0 | |a sily pracovné |
| 610 | 2 | 0 | |a vzťahy hospodárske vonkajšie |
| 700 | 1 | |a Thomas, Gustáv | |
| 710 | 2 | |a Vysoká škola ekonomická v Bratislave | |